Harold and Maude /
Shranjeno v:
| Glavni avtor: | |
|---|---|
| Drugi avtorji: | , , , , , , , , |
| Format: | |
| Jezik: | angleščina |
| Izdano: |
Los Angeles, EUA :
Paramount Pictures,
1971, c1971
|
| Serija: | (Paramount Widescreen Collection)
|
| Teme: | |
| Oznake: |
Brez oznak, prvi označite!
|
MARC
| LEADER | 00000ngm^a2200000^a^4500 | ||
|---|---|---|---|
| 001 | 000187417 | ||
| 005 | 20251020000000.0 | ||
| 009 | 20260310102258.393 | ||
| 020 | |a 0-7921-6508-X | ||
| 037 | |a Acervo ITESO - Biblioteca | ||
| 041 | |a ING | ||
| 082 | |a 810. |b ASH | ||
| 100 | |a Ashby, Hal |e (realización) | ||
| 240 | 1 | 1 | |a [Harold y Maude] |
| 240 | 1 | 1 | |a [Enséñame a vivir] |
| 245 | 1 | 0 | |a Harold and Maude / |c Realización de H. Ashby. |
| 246 | 2 | |a Título en México: Enséñame a vivir | |
| 264 | 4 | |a Los Angeles, EUA : |b Paramount Pictures, |c 1971, c1971 | |
| 264 | 2 | |a Los Angeles, EUA : |b Paramount Pictures [distribución], |c 2000, c2000 | |
| 300 | |a 1 DVD región 1 (91 min.) : |b color + |e 1 lámina | ||
| 336 | |a imagen móvil bidimensional |b tdi |2 rdacontenido | ||
| 337 | |a video |b v |2 rdamedio | ||
| 338 | |a videodisco |b vd |2 rdasoporte | ||
| 440 | 1 | |a (Paramount Widescreen Collection) | |
| 546 | |a En inglés, con subtítulos opcionales: inglés | ||
| 546 | |a Doblaje opcional: francés | ||
| 586 | |a Registro Nacional de Cine de la Biblioteca del Congreso: Declaraciones de 1997 | ||
| 649 | |a XX | ||
| 650 | |a Jóvenes en el Cine | ||
| 650 | |a Ancianos en el Cine | ||
| 650 | |a Comedias de Humor Negro | ||
| 650 | |a Comedias Cinematográficas | ||
| 650 | |a Cine Norteamericano - |y 1970-1979 | ||
| 650 | |a Cine Norteamericano - |y Siglo XX | ||
| 650 | |a Suicidio | ||
| 650 | |a Muerte Humana | ||
| 650 | |a Amistad | ||
| 650 | |a Enamoramiento | ||
| 650 | |a Amor | ||
| 650 | |a Vida Humana | ||
| 650 | |a Existencialismo | ||
| 650 | |a San Francisco, EUA en el Cine | ||
| 700 | |a Higgins, Colin |e (guión) | ||
| 700 | |a Alonzo, John A. |e (fotógrafo) | ||
| 700 | |a Theiss, William Ware |e (vestuario) | ||
| 700 | |a Sawyer, William A. |e (montaje) | ||
| 700 | |a Warschilka, Edward |e (montaje) | ||
| 700 | |a Stevens, Cat |e (música) | ||
| 700 | |a Gordon, Ruth |e (actuación) | ||
| 700 | |a Cort, Bud |e (actuación) | ||
| 700 | |a Pickles, Vivian |e (actuación) | ||
| 910 | |a Fondo General | ||
| 920 | |a Audiovisuales - DVDs | ||
| 940 | |a Películas | ||
| 905 | |a 302 | ||
| 901 | |a 0500088822 |b IT2 |c DVS |u 20250521 | ||
| 901 | |a 0500240315 |b IT2 |c MIN |u 20251020 | ||
| 902 | |a https://opac.biblio.iteso.mx/vufind/Record/000187417 | ||